[Event "TG Biberach - Stuttgarter SF"]
[Site "?"]
[Date "2024.03.03"]
[Round "7.1"]
[White "Neyman, Igor"]
[Black "Sinz, Bernhard"]
[Result "1/2-1/2"]
[WhiteElo "2302"]
[BlackElo "2330"]
[PlyCount "193"]
[EventDate "2024.??.??"]

1. d4 d5 2. Nf3 Nf6 3. c4 c6 4. e3 Bf5 5. Nc3 e6 6. Nh4 Be4 7. f3 Bg6 8. Qb3 Qc7 9. Bd2 Be7 10. Nxg6 hxg6 11. cxd5 Nxd5 12. O-O-O Nd7 13. Kb1 a5 14. Nxd5 exd5 15. h3 a4 16. Qc2 Bh4 17. Bb4 Nb6 18. e4 Be7 19. Bxe7 Qxe7 20. Qc5 Nd7 21. Qxe7+ Kxe7 22. exd5 cxd5 23. Bb5 Nf8 24. h4 a3 25. g3 Ne6 26. Rhe1 Kd6 27. Re3 Ra5 28. Rb3 Rha8 29. Rd2 g5 30. hxg5 Nxg5 31. Be2 R8a7 32. Rb6+ Kc7 33. Rb3 axb2 34. Rc2+ Kb8 35. Rbc3 Ra8 36. Rc8+ Ka7 37. R8c7 Kb6 38. Rd7 Rb8 39. Kxb2 Ne6 40. Rd2 Rf8 41. Kb1 Kc6 42. Re7 Ra7 43. Rb2 Nxd4 44. Bd1 Ne6 45. f4 Nc5 46. Be2 Kd6 47. Re3 Rc8 48. Bg4 Rh8 49. Bf3 Ra4 50. Rd2 d4 51. Re5 b6 52. Rd5+ Kc7 53. R5xd4 Rxd4 54. Rxd4 Rh3 55. Bd5 f6 56. g4 Rg3 57. f5 Rd3 58. Rxd3 Nxd3 59. Bf3 Kd6 60. Be2 Nf4 61. Bd1 Kc5 62. Kb2 Kc4 63. Bb3+ Kd4 64. Ka3 Kc5 65. Kb2 Nd3+ 66. Kc3 Nf2 67. Kd2 Nxg4 68. Kd3 b5 69. Ke4 b4 70. Bg8 Nf2+ 71. Ke3 Nd1+ 72. Ke4 Nc3+ 73. Kd3 Nb5 74. Be6 Nd4 75. Bd7 b3 76. axb3 Nxb3 77. Ke4 Nd2+ 78. Kf4 Kd4 79. Bc8 Nc4 80. Bd7 Ne5 81. Bc8 Nd3+ 82. Kg4 Ke4 83. Kh5 Nf4+ 84. Kg4 Nd5 85. Kh5 Ke5 86. Bd7 Nf4+ 87. Kg4 Nd5 88. Kh5 Kd6 89. Ba4 Ne7 90. Bc2 Ke5 91. Kg4 Nd5 92. Kh5 Ne3 93. Bb1 Nxf5 94. Kg6 Nd6 95. Kxg7 Ne4 96. Bxe4 Kxe4 97. Kxf6 1/2-1/2

[Event "TG Biberach - Stuttgarter SF"]
[Site "?"]
[Date "2024.03.03"]
[Round "7.2"]
[White "Fischer, Andre"]
[Black "Brueckner, Thomas"]
[Result "1-0"]
[WhiteElo "2245"]
[BlackElo "2306"]
[PlyCount "109"]
[EventDate "2024.??.??"]

1. e4 e5 2. Nf3 Nc6 3. Bc4 Nf6 4. d3 Bc5 5. O-O d6 6. c3 a5 7. Nbd2 Ba7 8. Re1 O-O 9. Nf1 Be6 10. Bb5 Ne7 11. Ng3 Ng6 12. h3 c6 13. Ba4 d5 14. exd5 Nxd5 15. d4 exd4 16. Nxd4 Qc7 17. Ne4 Rae8 18. Bb3 Bxd4 19. Qxd4 Bf5 20. Bxd5 cxd5 21. Bh6 Qe5 22. Nd6 Qxd4 23. cxd4 Rxe1+ 24. Rxe1 Be6 25. Bd2 b6 26. Rc1 Ne7 27. Rc7 Nc8 28. Rc6 Bd7 29. Nxc8 Rxc8 30. Rxb6 a4 31. Kf1 Kf8 32. Bb4+ Ke8 33. Bc5 Bc6 34. Ke2 Kd7 35. Kd2 Re8 36. b4 axb3 37. Rxb3 Ra8 38. a3 Re8 39. Rf3 f6 40. Rg3 g6 41. Rf3 f5 42. g4 Ke6 43. gxf5+ gxf5 44. Re3+ Kf7 45. Rxe8 Bxe8 46. Ke3 Ba4 47. Kf4 Kf6 48. Bb6 Bb3 49. Bd8+ Kg6 50. Ke5 Bc4 51. a4 Bb3 52. a5 Bc4 53. Ke6 Bf1 54. h4 Bc4 55. Ke5 1-0

[Event "TG Biberach - Stuttgarter SF"]
[Site "?"]
[Date "2024.03.03"]
[Round "7.3"]
[White "Strunski, Andreas"]
[Black "Oberst, Thomas"]
[Result "1/2-1/2"]
[WhiteElo "2307"]
[BlackElo "2225"]
[PlyCount "106"]
[EventDate "2024.??.??"]

1. d4 Nf6 2. c4 g6 3. Nc3 d5 4. Bg5 Ne4 5. Bh4 Nxc3 6. bxc3 Bg7 7. e3 Nc6 8. Nf3 O-O 9. Rb1 b6 10. Qa4 Bb7 11. Qa3 Qd7 12. cxd5 Qxd5 13. c4 Qd7 14. Bg3 Na5 15. Ne5 Qd8 16. Rd1 e6 17. c5 Qe7 18. f3 Rfd8 19. Bb5 f6 20. Nd3 a6 21. Ba4 b5 22. Bc2 Nc4 23. Qc1 e5 24. dxe5 fxe5 25. e4 Bc8 26. O-O Be6 27. Bf2 c6 28. Bb3 Na5 29. Qc3 Nxb3 30. axb3 Bf7 31. Bg3 Re8 32. Ra1 a5 33. Rxa5 Rxa5 34. Qxa5 Bxb3 35. Rc1 Bc4 36. Nb2 Bh6 37. Rxc4 Be3+ 38. Bf2 Bxf2+ 39. Kxf2 bxc4 40. Nxc4 Rb8 41. Nd6 Qh4+ 42. Kf1 Qxh2 43. Qa2+ Kh8 44. Nf7+ Kg7 45. Nd6 Qh1+ 46. Kf2 Qh4+ 47. Kg1 Qe7 48. Kh2 h5 49. Kh3 Kf6 50. Kh2 h4 51. Qa1 Kg5 52. Nf7+ Kf6 53. Nd6 Kg5 1/2-1/2

[Event "TG Biberach - Stuttgarter SF"]
[Site "?"]
[Date "2024.03.03"]
[Round "7.4"]
[White "Wunder, Niklas"]
[Black "Hofmann, Martin"]
[Result "1/2-1/2"]
[WhiteElo "2067"]
[BlackElo "2205"]
[PlyCount "98"]
[EventDate "2024.??.??"]

1. d4 d5 2. c4 e6 3. Nf3 Nf6 4. g3 Bb4+ 5. Nbd2 O-O 6. Bg2 Nbd7 7. O-O c6 8. Qc2 a6 9. e4 b5 10. e5 Ne8 11. c5 f6 12. exf6 Nexf6 13. Nb3 a5 14. Bf4 a4 15. Nc1 Ba5 16. Ng5 Re8 17. Nd3 Ra7 18. Ne5 Nxe5 19. dxe5 h6 20. Qg6 hxg5 21. Bxg5 Qd7 22. Bxf6 Qf7 23. Qg4 Kf8 24. Bg5 Qf5 25. Qxf5+ exf5 26. f4 Bd7 27. Kf2 a3 28. b3 Bc3 29. Rac1 Bd4+ 30. Ke2 Bc8 31. Rc2 b4 32. Rd1 Ba6+ 33. Kd2 Bc3+ 34. Rxc3 bxc3+ 35. Kxc3 Rb8 36. h3 Bc8 37. Bd8 Be6 38. Bb6 Raa8 39. Bc7 Rb7 40. Bd6+ Kf7 41. Bf1 Bd7 42. Rd4 Be6 43. Be2 g6 44. Bf1 Ke8 45. Be2 Kd7 46. h4 Kc8 47. Bf1 Kd8 48. Be2 Kd7 49. Bf1 Ke8 1/2-1/2

[Event "TG Biberach - Stuttgarter SF"]
[Site "?"]
[Date "2024.03.03"]
[Round "7.5"]
[White "Fritsch, Rolf"]
[Black "Birkenmaier, Rainer"]
[Result "1/2-1/2"]
[WhiteElo "2201"]
[BlackElo "2107"]
[PlyCount "46"]
[EventDate "2024.??.??"]

1. f4 d5 2. e3 Nf6 3. d4 c6 4. Be2 g6 5. Nf3 Bg4 6. Nbd2 Nbd7 7. h3 Bxf3 8. Bxf3 e6 9. c3 Bd6 10. a4 a5 11. b3 Qe7 12. Bb2 h5 13. O-O h4 14. Qc1 Nh5 15. Bxh5 Rxh5 16. e4 dxe4 17. Nxe4 Nf6 18. Nf2 Rf5 19. Nd3 Nh5 20. Ba3 Bxa3 21. Qxa3 Qxa3 22. Rxa3 Rd8 23. Raa1 Nf6 1/2-1/2

[Event "TG Biberach - Stuttgarter SF"]
[Site "?"]
[Date "2024.03.03"]
[Round "7.6"]
[White "Sokratov, Stanislav"]
[Black "Maeurer, Christoph"]
[Result "1-0"]
[WhiteElo "2133"]
[BlackElo "2232"]
[PlyCount "119"]
[EventDate "2024.??.??"]

1. d4 e6 2. Nf3 Nf6 3. Bf4 d5 4. e3 Bd6 5. Nbd2 O-O 6. c3 c5 7. dxc5 Bxc5 8. Bd3 Nbd7 9. O-O Bb6 10. Qe2 Bc7 11. Bxc7 Qxc7 12. e4 Nc5 13. e5 Nxd3 14. Qxd3 Ne8 15. Ng5 g6 16. Rfe1 Kg7 17. c4 Qe7 18. h4 Nc7 19. Rad1 Bd7 20. Ndf3 Rad8 21. cxd5 Nxd5 22. Ne4 Bc6 23. Nd6 Nf4 24. Qa3 Bxf3 25. Qxf3 Nd5 26. Qg3 Kh8 27. Rd4 f5 28. Red1 Rd7 29. Qg5 Kg7 30. R1d3 Qxg5 31. hxg5 Rc7 32. Rb3 Rb8 33. Ra4 b6 34. g3 Kf8 35. Kg2 Rd7 36. Rc4 Rc7 37. Ra4 Rd8 38. Nb5 Rcd7 39. Nxa7 Ra8 40. Rba3 Nc7 41. Nc6 Rxa4 42. Rxa4 Rd2 43. Ra7 Nd5 44. Kf3 Rxb2 45. Nd4 Nb4 46. Nxe6+ Ke8 47. Ng7+ Kf8 48. Ne6+ Ke8 49. Ng7+ Kf8 50. e6 Nc6 51. Rf7+ Kg8 52. Rc7 Rxa2 53. e7 Ra3+ 54. Kg2 Nxe7 55. Rxe7 b5 56. Rb7 b4 57. Ne8 b3 58. Nf6+ Kf8 59. Nxh7+ Ke8 60. Nf6+ 1-0

[Event "TG Biberach - Stuttgarter SF"]
[Site "?"]
[Date "2024.03.03"]
[Round "7.7"]
[White "Gabriel, Robert"]
[Black "Engelhart, Achim"]
[Result "1/2-1/2"]
[WhiteElo "2178"]
[BlackElo "2088"]
[PlyCount "87"]
[EventDate "2024.??.??"]

1. Nf3 c5 2. e4 Nc6 3. Bb5 g6 4. Bxc6 dxc6 5. O-O Bg7 6. d3 Nf6 7. Re1 O-O 8. e5 Nd5 9. h3 Nc7 10. Nc3 Ne6 11. Ne4 b6 12. Neg5 h6 13. Nxe6 Bxe6 14. b3 Kh7 15. a4 Bd5 16. Bb2 Bxf3 17. Qxf3 Qd5 18. Re4 a5 19. Qe2 Rad8 20. Rd1 Qe6 21. f4 h5 22. Rf1 Qd5 23. f5 e6 24. f6 Bh6 25. Bc1 Bxc1 26. Rxc1 Rh8 27. Rd1 Qd7 28. Rh4 Kg8 29. Kf1 Qc7 30. c4 Rd4 31. Rxd4 cxd4 32. Qe4 c5 33. Ke2 h4 34. Kd2 Qb8 35. Re1 Rh5 36. Re2 Kh7 37. Kd1 Qc8 38. Qf4 Qc6 39. Re4 Qc7 40. Qf2 Kg8 41. Qf3 Qc6 42. Qf2 Qc7 43. Qf3 Qc6 44. Qf2 1/2-1/2

[Event "TG Biberach - Stuttgarter SF"]
[Site "?"]
[Date "2024.03.03"]
[Round "7.8"]
[White "Namyslo, Holger"]
[Black "Lorscheid, Gerhard"]
[Result "1/2-1/2"]
[WhiteElo "2125"]
[BlackElo "2108"]
[PlyCount "83"]
[EventDate "2024.??.??"]

1. e4 d6 2. d4 Nf6 3. Nc3 e5 4. dxe5 dxe5 5. Qxd8+ Kxd8 6. Bg5 Be6 7. f4 h6 8. O-O-O+ Kc8 9. Bxf6 gxf6 10. f5 Bd7 11. Bc4 Be8 12. Nf3 Nd7 13. Rd2 c6 14. Rhd1 Nb6 15. Na4 Be7 16. Nxb6+ axb6 17. Kb1 Rh7 18. c3 Kc7 19. h3 Rd8 20. Rxd8 Bxd8 21. b4 b5 22. Bb3 Kc8 23. a4 bxa4 24. Bxa4 b5 25. Bb3 Bb6 26. Rd2 Rg7 27. c4 bxc4 28. Bxc4 Kc7 29. Rc2 Bd7 30. Kb2 Bc8 31. Bd5 c5 32. bxc5 Ba7 33. Kb3 Bd7 34. Kb4 Rg8 35. c6 Rb8+ 36. Ka4 Be8 37. g4 Rb1 38. h4 Rf1 39. Rc3 Bd4 40. Nxd4 exd4 41. Rd3 Bxc6+ 42. Bxc6 1/2-1/2

[Event "Heilbronner SV 2 - SG Schwäbisch Gmünd"]
[Site "?"]
[Date "2024.03.03"]
[Round "7.1"]
[White "Velicka, Petr"]
[Black "Schnepp, Gunnar"]
[Result "1-0"]
[WhiteElo "2371"]
[BlackElo "2252"]
[PlyCount "91"]
[EventDate "2024.??.??"]

1. Nf3 d5 2. d4 Nf6 3. c4 c6 4. e3 e6 5. Qc2 Nbd7 6. b3 Bb4+ 7. Nbd2 Ne4 8. a3 Bc3 9. Bb2 Bxb2 10. Qxb2 O-O 11. Nxe4 dxe4 12. Ne5 Nb8 13. c5 b5 14. cxb6 axb6 15. Rc1 Bb7 16. b4 Qe7 17. Be2 f6 18. Nc4 Nd7 19. O-O Rfb8 20. Rfd1 c5 21. dxc5 bxc5 22. Rxd7 Qxd7 23. Nb6 Qe7 24. Nxa8 Bxa8 25. Qc3 cxb4 26. axb4 Bb7 27. b5 Rc8 28. Qb2 Rxc1+ 29. Qxc1 Qd6 30. g3 Kf7 31. Qc3 Ke7 32. h4 h6 33. Qc4 Qb6 34. Bf1 Kd6 35. Qa4 Ke7 36. Qa3+ Kf7 37. Be2 g6 38. Qb4 h5 39. Qa3 Bd5 40. Qa6 Qxa6 41. bxa6 Ke7 42. a7 Kd6 43. Bb5 Ke7 44. Kf1 e5 45. Ke1 g5 46. Kd2 1-0

[Event "Heilbronner SV 2 - SG Schwäbisch Gmünd"]
[Site "?"]
[Date "2024.03.03"]
[Round "7.2"]
[White "Mages, Steffen"]
[Black "Jurek, Josef"]
[Result "0-1"]
[WhiteElo "2125"]
[BlackElo "2199"]
[PlyCount "70"]
[EventDate "2024.??.??"]

1. d4 Nf6 2. c4 e6 3. Nc3 Bb4 4. e3 b6 5. Nge2 c5 6. a3 Ba5 7. Bd2 O-O 8. Qb1 Bxc3 9. Nxc3 Bb7 10. dxc5 bxc5 11. Rg1 d5 12. Qc2 d4 13. exd4 cxd4 14. Na4 Be4 15. Bd3 Bxd3 16. Qxd3 Nc6 17. b4 e5 18. O-O-O e4 19. Qb3 Rc8 20. f3 Ne5 21. Nc5 Rxc5 22. bxc5 Nd3+ 23. Kc2 Nxc5 24. Qb5 Qd6 25. Bb4 d3+ 26. Kc1 Rc8 27. fxe4 Nfxe4 28. Rge1 Qf4+ 29. Kb1 Rb8 30. Qc6 a5 31. Rxd3 axb4 32. Rde3 bxa3+ 33. Ka2 Nc3+ 34. Ka1 Qxe3 35. Rxe3 Rb1# 0-1

[Event "Heilbronner SV 2 - SG Schwäbisch Gmünd"]
[Site "?"]
[Date "2024.03.03"]
[Round "7.3"]
[White "Bergner, Philipp"]
[Black "Tschlatscher, Thomas"]
[Result "0-1"]
[WhiteElo "2147"]
[BlackElo "2209"]
[PlyCount "78"]
[EventDate "2024.??.??"]

1. d4 Nf6 2. c4 e6 3. Nc3 Bb4 4. Qc2 O-O 5. Nf3 d5 6. cxd5 exd5 7. Bg5 Qd6 8. e3 Re8 9. Bd3 h6 10. Bxf6 Qxf6 11. O-O c6 12. Ne5 Qe7 13. f4 Nd7 14. Rf3 Nf6 15. h3 c5 16. Qe2 Bxc3 17. bxc3 c4 18. Bc2 Qa3 19. e4 b5 20. exd5 Bb7 21. Rb1 Bxd5 22. Re3 Rab8 23. Nd7 Rxe3 24. Nxf6+ gxf6 25. Qxe3 Qxa2 26. Rxb5 Rxb5 27. Qe8+ Kg7 28. Qxb5 Qxc2 29. Qxd5 Qxc3 30. Qe4 Qd3 31. Qxd3 cxd3 32. Kf2 f5 33. Ke3 Kf6 34. g4 fxg4 35. hxg4 Ke6 36. Kxd3 Kd5 37. g5 hxg5 38. fxg5 a5 39. Kc3 a4 0-1

[Event "Heilbronner SV 2 - SG Schwäbisch Gmünd"]
[Site "?"]
[Date "2024.03.03"]
[Round "7.4"]
[White "Geshnizjani, Ramin"]
[Black "Weiss, Andreas"]
[Result "1/2-1/2"]
[WhiteElo "2140"]
[BlackElo "2048"]
[PlyCount "43"]
[EventDate "2024.??.??"]

1. e4 c5 2. c3 d5 3. exd5 Qxd5 4. Nf3 Bf5 5. Na3 Nc6 6. Bc4 Qd7 7. O-O O-O-O 8. d4 e6 9. Bf4 Bd6 10. Ne5 Bxe5 11. dxe5 Qxd1 12. Raxd1 Nge7 13. Be3 Nxe5 14. Bxc5 N7c6 15. Bd6 Nxc4 16. Nxc4 Rd7 17. Rd2 Rhd8 18. Rfd1 Be4 19. Bf4 Rxd2 20. Rxd2 Rxd2 21. Nxd2 Bd3 22. Bd6 1/2-1/2

[Event "Heilbronner SV 2 - SG Schwäbisch Gmünd"]
[Site "?"]
[Date "2024.03.03"]
[Round "7.5"]
[White "Lang, Thomas"]
[Black "Schaefer, Daniel"]
[Result "1/2-1/2"]
[WhiteElo "2030"]
[BlackElo "1945"]
[PlyCount "31"]
[EventDate "2024.??.??"]

1. e4 e5 2. Nf3 Nc6 3. Bc4 Bc5 4. c3 Nf6 5. d4 exd4 6. O-O Nxe4 7. cxd4 d5 8. dxc5 dxc4 9. Qe2 Qd3 10. Re1 Qxe2 11. Rxe2 f5 12. Nc3 O-O 13. Nxe4 fxe4 14. Rxe4 c3 15. bxc3 Bf5 16. Re1 1/2-1/2

[Event "Heilbronner SV 2 - SG Schwäbisch Gmünd"]
[Site "?"]
[Date "2024.03.03"]
[Round "7.6"]
[White "Ludwig, Sebastian"]
[Black "Pohl, Walter"]
[Result "1-0"]
[WhiteElo "1972"]
[BlackElo "2086"]
[PlyCount "91"]
[EventDate "2024.??.??"]

1. d4 d5 2. c4 Nc6 3. Nc3 Nf6 4. Nf3 Bg4 5. cxd5 Bxf3 6. gxf3 Nxd5 7. e4 Nxc3 8. bxc3 e5 9. d5 Nb8 10. Rb1 Bc5 11. Rxb7 O-O 12. Rb5 Qd6 13. Bh3 c6 14. Rb3 cxd5 15. Qxd5 Rd8 16. Qxd6 Rxd6 17. Ke2 Nc6 18. Rb5 Bb6 19. Ba3 Rd4 20. Rb3 Rdd8 21. Rb5 Rd4 22. Bc5 Rc4 23. Bxb6 axb6 24. Kd3 Rca4 25. Ra1 Rd8+ 26. Rd5 Kf8 27. Bd7 Rd4+ 28. cxd4 Nb4+ 29. Kc4 Nxd5 30. exd5 Rxd7 31. dxe5 Rc7+ 32. Kd4 Rc2 33. d6 Ke8 34. Rb1 Rxf2 35. Rxb6 Rxf3 36. Rb8+ Kd7 37. Rb7+ Ke8 38. Ra7 Rf2 39. a4 g5 40. Ra8+ Kd7 41. Ra7+ Ke8 42. a5 g4 43. Ra8+ Kd7 44. Rf8 Kc6 45. a6 Kb6 46. Ke3 1-0

[Event "Heilbronner SV 2 - SG Schwäbisch Gmünd"]
[Site "?"]
[Date "2024.03.03"]
[Round "7.7"]
[White "Bader, Gerd"]
[Black "Lahouel, Kim-Luca"]
[Result "0-1"]
[WhiteElo "2035"]
[BlackElo "1971"]
[PlyCount "70"]
[EventDate "2024.??.??"]

1. e4 e5 2. Nf3 Nc6 3. d3 Bc5 4. Be2 Nge7 5. c3 d5 6. Nbd2 O-O 7. b4 Bd6 8. O-O a5 9. b5 Nb8 10. d4 Nd7 11. a4 b6 12. Qc2 Bb7 13. Bd3 Ng6 14. exd5 Bxd5 15. Ne4 Be7 16. c4 Bb7 17. c5 Bd5 18. c6 Nf6 19. Nxe5 Bxe4 20. Bxe4 Qxd4 21. Nxg6 hxg6 22. Bb2 Qxe4 23. Qc3 Bb4 24. Qg3 Bd6 25. Qc3 Qh4 26. g3 Qh3 27. f3 Rfe8 28. Rae1 Rxe1 29. Rxe1 Bb4 30. Qc1 Bxe1 31. Qxe1 Re8 32. Qd2 Qe6 33. Kf2 Nd5 34. Qd4 Qe2+ 35. Kg1 Qe3+ 0-1

[Event "Heilbronner SV 2 - SG Schwäbisch Gmünd"]
[Site "?"]
[Date "2024.03.03"]
[Round "7.8"]
[White "Hagenmeyer, Felix"]
[Black "Reichert, Matthias"]
[Result "1-0"]
[WhiteElo "1963"]
[BlackElo "1928"]
[PlyCount "59"]
[EventDate "2024.??.??"]

1. e4 e5 2. Nf3 Nc6 3. Bc4 Nf6 4. d3 Bc5 5. c3 a6 6. a4 O-O 7. O-O h6 8. h3 d5 9. exd5 Nxd5 10. Re1 Be6 11. Nbd2 Nf4 12. Bxe6 fxe6 13. Ne4 Nxd3 14. Nxc5 Nxc5 15. Qe2 e4 16. Nd2 Qh4 17. b4 Nd3 18. Rf1 Nce5 19. Nxe4 Rf5 20. Ng3 Rxf2 21. Rxf2 Qxg3 22. Rf1 Re8 23. Be3 Nc4 24. Rf3 Qg6 25. Bd4 Ndb2 26. Be5 Re7 27. Raf1 Rd7 28. Rg3 Qe8 29. Bf4 Kh8 30. Bc1 1-0

[Event "SC Böblingen - SV Jedesheim"]
[Site "?"]
[Date "2024.03.03"]
[Round "7.1"]
[White "Krassowizkij, Jaroslaw"]
[Black "Gaehwiler, Gabriel"]
[Result "1/2-1/2"]
[WhiteElo "2430"]
[BlackElo "2390"]
[PlyCount "81"]
[EventDate "2024.??.??"]

1. e4 e5 2. Nf3 Nf6 3. Nxe5 d6 4. Nf3 Nxe4 5. d4 d5 6. Bd3 Nc6 7. O-O Be7 8. Nbd2 Nxd2 9. Bxd2 Bg4 10. c3 O-O 11. h3 Bh5 12. g3 Bg6 13. Bxg6 fxg6 14. Ne1 Bd6 15. Nd3 Ne7 16. Bf4 Bxf4 17. Nxf4 Qd7 18. Qg4 Nf5 19. Rae1 Rae8 20. h4 Qf7 21. Nd3 Nd6 22. Ne5 Qf5 23. Qxf5 gxf5 24. f3 Re7 25. Nd3 Rfe8 26. Rxe7 Rxe7 27. Kf2 c6 28. a4 Nc4 29. Rb1 Kf8 30. b3 Nd6 31. Rc1 Ke8 32. c4 dxc4 33. bxc4 Nf7 34. Rb1 Nd6 35. c5 Nc4 36. Rb4 Ne3 37. a5 a6 38. Nf4 Nd1+ 39. Kf1 Ne3+ 40. Kf2 Nd1+ 41. Kf1 1/2-1/2

[Event "SC Böblingen - SV Jedesheim"]
[Site "?"]
[Date "2024.03.03"]
[Round "7.2"]
[White "Kuklin, Valentin"]
[Black "Pikula, Dejan"]
[Result "1/2-1/2"]
[WhiteElo "2368"]
[BlackElo "2301"]
[PlyCount "106"]
[EventDate "2024.??.??"]

1. e4 d6 2. Nc3 Nf6 3. g3 c5 4. Bg2 Nc6 5. Nge2 g6 6. d3 Bg7 7. O-O O-O 8. h3 Ne8 9. f4 f5 10. Be3 Nd4 11. Qd2 Rb8 12. Rab1 Nc7 13. b4 b6 14. Nd1 Nxe2+ 15. Qxe2 fxe4 16. dxe4 cxb4 17. Rxb4 e5 18. Qd2 Qe7 19. Nc3 Be6 20. Rd1 Na6 21. Ra4 Nc5 22. Ra3 Rbd8 23. Nb5 Rd7 24. Nxd6 Rfd8 25. Bxc5 bxc5 26. Rd3 exf4 27. gxf4 Bd4+ 28. Rxd4 cxd4 29. e5 Rxd6 30. exd6 Qxd6 31. Qa5 Rd7 32. Re1 Bf5 33. Re5 Bxc2 34. Rd5 Qe7 35. Rxd7 Qxd7 36. Qe5 h5 37. Bd5+ Kh7 38. Qxd4 Bf5 39. Qe5 Bxh3 40. Be4 Bf5 41. Bxf5 gxf5 42. Kh2 Kg6 43. Kg3 Qc6 44. a4 Qf6 45. Qc5 a6 46. a5 Kh7 47. Qc7+ Qg7+ 48. Qxg7+ Kxg7 49. Kh4 Kg6 50. Kh3 Kf7 51. Kh4 Kg6 52. Kh3 Kf7 53. Kh4 Kg6 1/2-1/2

[Event "SC Böblingen - SV Jedesheim"]
[Site "?"]
[Date "2024.03.03"]
[Round "7.5"]
[White "Anistratov, Dmitriy"]
[Black "Vujic, Branimir"]
[Result "1-0"]
[WhiteElo "2262"]
[BlackElo "2227"]
[PlyCount "99"]
[EventDate "2024.??.??"]

1. e4 e6 2. d4 d5 3. Nc3 Bb4 4. Bd3 dxe4 5. Bxe4 Nf6 6. Bf3 c5 7. Nge2 cxd4 8. Qxd4 Qxd4 9. Nxd4 Nbd7 10. Ndb5 O-O 11. a3 Bc5 12. Na4 Be7 13. Be3 Ne5 14. Be2 Nd5 15. Bd2 Bd7 16. Nac3 Nxc3 17. Bxc3 Nc6 18. O-O-O Rfd8 19. Nd6 Bc8 20. Nxc8 Raxc8 21. f4 Bc5 22. Rxd8+ Rxd8 23. Rf1 Be3+ 24. Kb1 g6 25. Bd3 Bd4 26. Be1 Kg7 27. g4 f5 28. h3 Kf7 29. Bc4 Be3 30. Bc3 Bd2 31. Bxd2 Rxd2 32. Re1 Nd8 33. Rf1 Rh2 34. Rf3 Rh1+ 35. Ka2 Rg1 36. gxf5 gxf5 37. b4 h5 38. Bb5 h4 39. Rd3 Rg8 40. Rd7+ Kf6 41. a4 e5 42. Bc4 Rf8 43. Rd6+ Ke7 44. fxe5 f4 45. Rh6 Nc6 46. b5 Na5 47. Rh7+ Ke8 48. Bd3 f3 49. Bg6+ Kd8 50. e6 1-0

[Event "SC Böblingen - SV Jedesheim"]
[Site "?"]
[Date "2024.03.03"]
[Round "7.6"]
[White "Schroeter, Samuel"]
[Black "Atlas, Dmitry"]
[Result "1-0"]
[WhiteElo "2123"]
[BlackElo "2177"]
[PlyCount "105"]
[EventDate "2024.??.??"]

1. d4 d5 2. Nf3 Nf6 3. c4 c6 4. e3 e6 5. Nc3 Nbd7 6. Bd3 dxc4 7. Bxc4 b5 8. Bd3 Bb7 9. O-O b4 10. Na4 c5 11. Nxc5 Nxc5 12. dxc5 Bxc5 13. Bb5+ Ke7 14. Bd2 Qb6 15. Qa4 a6 16. Be2 Rhd8 17. Rac1 Ne4 18. Be1 a5 19. Ne5 Rd5 20. Nc4 Qc7 21. Qc2 Rf5 22. f3 Rh5 23. f4 Rh6 24. Bd3 f5 25. Qe2 g5 26. Bxe4 Bxe4 27. Bg3 g4 28. Rfd1 Qa7 29. Bf2 Rc8 30. Ne5 Rc7 31. Qd2 Bd5 32. Qe1 g3 33. hxg3 Bxa2 34. g4 Ke8 35. g5 Rg6 36. Qe2 Qb7 37. Qh5 Bb3 38. Rd3 Bd5 39. Nxg6 hxg6 40. Qxg6+ Kf8 41. Qf6+ Kg8 42. Rcd1 Rf7 43. Qg6+ Kf8 44. Qh6+ Kg8 45. g6 Rg7 46. Bh4 Be7 47. Bxe7 Qxe7 48. e4 fxe4 49. Rh3 Kf8 50. f5 Ke8 51. Qh8+ Qf8 52. Rc1 Bb7 53. Rh7 1-0

[Event "SC Böblingen - SV Jedesheim"]
[Site "?"]
[Date "2024.03.03"]
[Round "7.8"]
[White "Schulte, Torsten"]
[Black "Jaskulski, Jan"]
[Result "1-0"]
[WhiteElo "2039"]
[BlackElo "1998"]
[PlyCount "61"]
[EventDate "2024.??.??"]

1. d4 Nf6 2. c4 g6 3. Nc3 Bg7 4. g3 O-O 5. Bg2 d6 6. Nf3 Nbd7 7. O-O e5 8. e4 c6 9. h3 Qe7 10. Be3 Rd8 11. Qc2 exd4 12. Nxd4 Nb6 13. b3 d5 14. exd5 cxd5 15. Rfe1 dxc4 16. Nc6 bxc6 17. Bxb6 Qxe1+ 18. Rxe1 axb6 19. bxc4 Bf5 20. Qb3 Rd3 21. Bf1 Rd2 22. Qxb6 Nh5 23. Qxc6 Rf8 24. Nd5 Bd4 25. Ne3 Rc8 26. Qf3 Bd7 27. Re2 Bc6 28. Qg4 f5 29. Nxf5 Nf6 30. Ne7+ Kg7 31. Qxc8 1-0

[Event "SF Pfullingen - SK Schwäbisch Hall"]
[Site "?"]
[Date "2024.03.03"]
[Round "7.1"]
[White "Nevednichy, Vladislav"]
[Black "Altenhof, Martin"]
[Result "1-0"]
[WhiteElo "2445"]
[BlackElo "2154"]
[PlyCount "59"]
[EventDate "2024.??.??"]

1. e4 d6 2. d4 Nf6 3. Nc3 g6 4. Be3 a6 5. Qd2 b5 6. f3 Nbd7 7. g4 h6 8. O-O-O Bb7 9. h4 Nb6 10. Nh3 h5 11. gxh5 Nxh5 12. Qe1 e6 13. Ng5 Qe7 14. Kb1 Bg7 15. Rg1 b4 16. Ne2 c5 17. Bc1 a5 18. dxc5 dxc5 19. Ng3 Bc6 20. Nxh5 Rxh5 21. e5 Bd5 22. f4 Rh8 23. Be2 Bh6 24. Ne4 Kf8 25. Nd6 Nc8 26. Be3 Qc7 27. Qf2 c4 28. Bc5 Kg7 29. f5 Kh7 30. Nxf7 1-0

[Event "SF Pfullingen - SK Schwäbisch Hall"]
[Site "?"]
[Date "2024.03.03"]
[Round "7.2"]
[White "Klaric, Zoran"]
[Black "Manoeuvre, Antoine"]
[Result "0-1"]
[WhiteElo "2000"]
[BlackElo "2314"]
[PlyCount "144"]
[EventDate "2024.??.??"]

1. Nf3 Nf6 2. g3 g6 3. Bg2 Bg7 4. O-O O-O 5. d3 d5 6. c4 c6 7. Qc2 Re8 8. Nfd2 e5 9. e4 dxe4 10. dxe4 Na6 11. Nb3 h6 12. h3 Qe7 13. Be3 Nd7 14. a3 Nf8 15. Nc3 Ne6 16. Rad1 h5 17. Kh2 h4 18. Ne2 Bf6 19. Qc1 Kg7 20. Rh1 Rh8 21. Qd2 Bg5 22. Bxg5 Nxg5 23. f4 hxg3+ 24. Kxg3 exf4+ 25. Qxf4 Rh5 26. h4 Ne6 27. Qd6 Qxd6+ 28. Rxd6 Re5 29. Nc3 Nac7 30. Rhd1 Ne8 31. R6d2 Nf6 32. Bf3 Nh5+ 33. Kf2 Nhf4 34. Ne2 Nxe2 35. Rxe2 Nf4 36. Re3 Be6 37. Rc3 Rh8 38. Rh1 Nh5 39. Nd4 Nf6 40. Ke3 Bc8 41. Kf4 Rhe8 42. Re3 Nh5+ 43. Bxh5 Rxh5 44. Nf3 Rd8 45. b4 c5 46. Rg1 Be6 47. Rc3 f6 48. b5 Kh6 49. Ke3 g5 50. hxg5+ fxg5 51. Rg3 g4 52. Ng1 Kg5 53. Rc1 Rf8 54. Rd1 b6 55. a4 Rh2 56. Rd6 Kh4 57. Rxe6 Kxg3 58. Ne2+ Rxe2+ 59. Kxe2 Rf2+ 60. Ke3 Rf3+ 61. Ke2 Rc3 62. a5 bxa5 63. Ra6 Kf4 64. Rxa5 Rxc4 65. Rxa7 Rxe4+ 66. Kd3 Rb4 67. Rb7 g3 68. b6 g2 69. Rg7 Kf3 70. b7 Rb3+ 71. Kc4 Rxb7 72. Rxb7 g1=Q 0-1

[Event "SF Pfullingen - SK Schwäbisch Hall"]
[Site "?"]
[Date "2024.03.03"]
[Round "7.3"]
[White "Svana, Peter"]
[Black "Goldinger, Peter"]
[Result "1/2-1/2"]
[WhiteElo "2275"]
[BlackElo "2040"]
[PlyCount "80"]
[EventDate "2024.??.??"]

1. e4 e6 2. d3 b5 3. Nf3 c5 4. g3 Bb7 5. Bg2 d6 6. O-O Nd7 7. a4 a6 8. Na3 g6 9. Bg5 f6 10. Be3 b4 11. Nc4 d5 12. exd5 exd5 13. Ncd2 h5 14. Nh4 Ne7 15. Re1 Kf7 16. Nc4 Nc8 17. Qe2 Ra7 18. Nd2 Bd6 19. d4 c4 20. b3 c3 21. Ndf3 Ra8 22. Bg5 Nf8 23. Be3 Qd7 24. Bf1 Ne7 25. Qd1 Re8 26. Bd3 Bc8 27. Qe2 Qb7 28. Qf1 Ne6 29. Red1 g5 30. Nf5 Nxf5 31. Bxf5 Ng7 32. Bxc8 Qxc8 33. Qg2 Qf5 34. Ne1 Qe4 35. Nd3 h4 36. Re1 Qxg2+ 37. Kxg2 Nf5 38. g4 h3+ 39. Kh1 Nh4 40. Nc5 Ng2 1/2-1/2

[Event "SF Pfullingen - SK Schwäbisch Hall"]
[Site "?"]
[Date "2024.03.03"]
[Round "7.4"]
[White "Guess, Cornel-Andreas"]
[Black "Danada, Tomas"]
[Result "0-1"]
[WhiteElo "1938"]
[BlackElo "2210"]
[PlyCount "92"]
[EventDate "2024.??.??"]

1. d4 Nf6 2. c4 e6 3. Nc3 Bb4 4. a3 Bxc3+ 5. bxc3 c5 6. f3 O-O 7. e4 d6 8. Bd3 Nbd7 9. Ne2 Qc7 10. O-O e5 11. f4 exd4 12. Bb2 Re8 13. Ng3 b5 14. cxd4 bxc4 15. Bxc4 Nb6 16. Be2 Bb7 17. e5 Ne4 18. Nxe4 Bxe4 19. dxc5 dxc5 20. Qe1 Qb7 21. Bf3 Bxf3 22. Rxf3 Na4 23. Bc3 Rad8 24. Ba5 Rd4 25. Rd1 Qd5 26. Rxd4 Qxd4+ 27. Qe3 Qd1+ 28. Rf1 Qd5 29. Rb1 f6 30. Bc7 Nb6 31. Rb5 Qd1+ 32. Kf2 Nd5 33. Qxc5 Qd2+ 34. Kf3 Qxf4+ 35. Ke2 Nxc7 36. Qxc7 Rxe5+ 37. Rxe5 Qxe5+ 38. Qxe5 fxe5 39. Ke3 Kf7 40. Ke4 Ke6 41. a4 a5 42. g4 g5 43. h3 h6 44. Ke3 Kd5 45. Kd3 e4+ 46. Kc3 Kc5 0-1